|
|
|
|
| LEADER |
00000nam a2200000 a 4500 |
| 001 |
vtls001165792 |
| 003 |
SK-MaSNL |
| 005 |
20260331202756.0 |
| 008 |
251124s1904 xx 0 hun |
| 035 |
|
|
|a SNK000108771
|
| 040 |
|
|
|a SNK
|b slo
|c SNK
|e AACR2
|
| 041 |
0 |
|
|a hun
|
| 044 |
|
|
|a xx
|
| 080 |
|
|
|a 22=945.11
|2 1981
|
| 100 |
1 |
|
|a Balassa, József
|4 zos
|9 310521
|
| 245 |
0 |
|
|a Szemelvények a kódexek irodalmából. 1
|b Bibliaforditások
|c Összeáll. József Balassa
|
| 260 |
|
|
|a Budapest
|b Lampel R.
|c [1904]
|e S.l.Wodianer F. és Fiainál
|f Wodianer F. és Fiainál
|
| 300 |
|
|
|a 58, [6] s.
|c 12°
|
| 500 |
|
|
|a Prív. 8
|
| 958 |
|
|
|a ONDV
|
| 958 |
|
|
|a RK
|
| 999 |
|
|
|c 685698
|d 687628
|
| 952 |
|
|
|a SNK
|b SNK
|y PREZ
|7 0
|p 17A0785484
|o snkSE 7474/1(-9)
|0 0
|1 0
|4 0
|d 2011-11-09
|l 0
|r 2026-02-23 20:11:03
|w 2026-02-23
|
| 952 |
|
|
|t P60, <04>, [BOOK], {604}
|a SNK
|b SNK
|y VYP
|7 0
|p 17A0178242
|o snkSE 7474/1 D1
|0 0
|1 0
|4 0
|d 1999-02-03
|l 0
|r 2005-01-01 00:00:00
|w 2026-02-23
|